<?xml version="1.0" encoding="UTF-8"?>
<collection xmlns="http://www.loc.gov/MARC21/slim">
 <record>
  <leader>00366pamaa2200145   4500</leader>
  <controlfield tag="001">0000023465</controlfield>
  <controlfield tag="005">20060805090000.0</controlfield>
  <datafield tag="020" ind1="0" ind2="0">
   <subfield code="a">0805939520 </subfield>
  </datafield>
  <datafield tag="090" ind1="0" ind2="0">
   <subfield code="a">QA76.76.C68 </subfield>
   <subfield code="b">COW 1997</subfield>
  </datafield>
  <datafield tag="100" ind1="1" ind2="0">
   <subfield code="a">COWDREY </subfield>
  </datafield>
  <datafield tag="245" ind1="1" ind2="4">
   <subfield code="a">The Kamikaze virus  </subfield>
   <subfield code="c">Peter R. Cowdrey.</subfield>
  </datafield>
  <datafield tag="260" ind1="0" ind2="0">
   <subfield code="a">Pennsylvania: </subfield>
   <subfield code="b">Dorrance Pub., </subfield>
   <subfield code="c">1997.</subfield>
  </datafield>
  <datafield tag="300" ind1=" " ind2=" ">
   <subfield code="a">180p.; </subfield>
   <subfield code="c">24cm.</subfield>
  </datafield>
  <datafield tag="650" ind1="0" ind2="0">
   <subfield code="a">Computer -- </subfield>
   <subfield code="x">Viruses </subfield>
  </datafield>
 </record>
</collection>
